Every Fight or Battle in Lord of the Rings and The Hobbit - Statistics

General Stats
  • This quiz has been taken 11 times
  • The average score is 5 of 28
Answer Stats
Answer % Correct
Battle of the chamber of Mazarbul/Battle of Balin"s tomb
50%
Battle of the five armies
50%
Sack of Erebor
40%
Battle of Bywater
30%
Battle of Azanulbizar
20%
Battle of Dol Guldur
20%
Battle of Helm's deep
20%
Battle of Ithilien
20%
Battle of the peak
20%
Destruction of Lake-Town
20%
Gandalf vs Saruman
20%
Skirmish at Weathertop/Amon Sul
20%
The siege of Gondor/battle of the Pelennor Fields
20%
Ambush at fangorn forest
10%
Battle of goblin-town
10%
Battle of Isengard/Last march of theents
10%
Frodo and Sam vs Shelob and Gollum
10%
Frodo vs Gollum
10%
Gandalf vs Saruman through Theoden
10%
Revolt at Cirith Ungol
10%
Sam vs Gollum
10%
Sam vs Gorbag
10%
Siege of Barad-dur
10%
Smeagol vs Deagol
10%
Spider attack
10%
The breaking of the fellowship
10%
Troll fight
10%
The fields of Cormallen
0%
No matching quizzes found
Score Distribution
Percent of People with Each Score
Percentile by Number Answered
Your Score History
You have not taken this quiz